000 04176nam a22004093i 4500
001 EBC32391993
003 MiAaPQ
005 20251205134333.0
007 cr cnu||||||||
008 251205s2026 xx o ||||0 eng d
020 _a9780198974079
_q(electronic bk.)
040 _aMiAaPQ
_beng
_cMiAaPQ
100 1 _aKoplatadze, Tamar.
_967850
245 1 0 _aPostcolonial Identities in Central Asian and Caucasian Literature.
250 _a1st ed.
264 1 _aOxford :
_bOxford University Press, Incorporated,
_c2026.
264 4 _c©2026.
300 _a1 online resource (328 pages)
336 _aText
_btxt
_2rdacontent
337 _aComputermedien
_bc
_2rdamedia
338 _aOnline Resource
_bcr
_2rdacarrier
490 1 _aOxford Modern Languages and Literature Monographs
500 _aE-Book-ProQuest / Fernzugriff nach Registrierung möglich
505 0 _aCover -- Postcolonial Identities in Central Asian and Caucasian Literature -- Copyright -- Dedication -- Acknowledgements -- Contents -- Note on Conventions -- List of Figures -- Introduction -- 1: Theorizing Russian Postcolonial Studies -- Introduction -- Russian Postcolonial Theory: Empire, Orientalism, and Self-Colonization -- The Soviet Union: A Colonial Empire? -- The Caucasus and Central Asia under the Soviet Empire -- Druzhba Narodov and the Formation of Russophone Elites -- (Post-)Soviet Orientalism and Migrant Narratives -- Post-Soviet Nation-building, Myth-making, and Censorship -- Conclusion -- 2: Between 'Post-Soviet' and 'Postcolonial' -- Introduction -- The Post-Soviet and Postcolonial as Literary and Theoretical Categories -- The Novel -- Language -- Readership -- Conclusion -- 3: Unhomely Identities: The Traumatic Search for a Post-Soviet Home -- Introduction -- Literature, the Uncanny, and the Unhomely -- Theorizing the Post-Soviet Unhomely -- Mariam Petrosyan, The House in Which (2009) -- Nana Ekvtimishvili, The Pear Field (2015) -- Teona Dolenjashvili, Memphis (2008) -- Olga Breininger, There Was No Adderall in The Soviet Union (2018) -- Conclusion -- 4: Navigating the Russian Literary Market as a Russophone Trickster Writer -- Introduction -- Postcolonial Tricksterism -- Theorizing Russophone Tricksterism -- Bibish, The Dancer from Khiva (2004) -- Narine Abgaryan, Понаехавшая (Foreigner) (2011) -- Conclusion -- 5: NGOs and Neocolonialism in Russophone Women's Writing -- Introduction -- Post-Soviet NGOs between Soviet and Western Neocolonialism -- Achille Mbembe's Neocolonial 'Mockery from Within' -- Lilya Kalaus, The Fund of Last Hope: A Postcolonial Novel (2013) -- Eleonora Kasymova, Tajik (2007) -- Rena Yuzbashi, From Vorobyshek with Love (2007) -- Conclusion.
505 8 _a6: Beyond Identity: Cyborgs, Queers, and Other Posthumans of Sci-Fi Utopias -- Introduction -- SHTAB -- Совсем Другие (Altogether Others) (2018) -- Postcolonial Posthumanism -- Syinat Sultanalieva, 'Element 174' (2018) -- Hagra, Graphic Story, Untitled (2018) -- Zhanar Sekerbayeva, 'Chimeras of City Z' (2018) -- Conclusion -- Conclusion -- Endnotes -- Introduction -- Chapter 1 -- Chapter 2 -- Chapter 3 -- Chapter 4 -- Chapter 5 -- Chapter 6 -- Conclusion -- Bibliography -- Primary Sources -- Secondary Sources -- Index.
520 _aA monograph on the rich and complex history of postcolonial literature from the Caucasus and Central Asia, examining how post-Soviet authors have responded to the post-Soviet transition, and arguing that their works are in many respects postcolonial in terms of the writers' identity configurations and literary modes of representation.
650 _aLiteratur
651 _aZentralasien
_96220
651 _aKaukasus
655 _aFernzugriff
_9230
655 4 _aElectronic books.
776 0 8 _iPrint version:
_aKoplatadze, Tamar
_tPostcolonial Identities in Central Asian and Caucasian Literature
_dOxford : Oxford University Press, Incorporated,c2026
830 0 _aOxford Modern Languages and Literature Monographs
_967851
856 4 0 _uhttps://ebookcentral.proquest.com/lib/maxweberstiftung-ebooks/detail.action?docID=32391993
_zVolltext
942 _cEB
_2z
999 _c73328
_d73328